000 00788nam a2200253Ia 4500
003 OSt
005 20221005034726.0
006 a|||||r|||| 00| 0
007 ta
008 221004b |||||||| |||| 00| 0 urd d
020 _a9788182239883 (hbk)
_c120
024 _a5323
037 _b6071, 25/03/2013, Educational Publishing House
_cTextual
040 _aCRL
_cCRL
_burd
041 _2urd
_aurd
082 _aP168:3, Q2
100 _aAzad Nazir Au.
245 0 _aUrdu lughat nigari ka tanqeedi jayeza
260 _aDelhi
_bEducational Publishing House India
_c2012
300 _a112p.
_ccm.
650 _aURDU LANGUAGE - GRAMMAR
942 _hP168:3, Q2
_cTEXL
_2cc
999 _c943956
_d943956